| 000 | 00000nam##2200000za#4500 |
| 001 | 9.575262 |
| 003 | CaOODSP |
| 005 | 20220901140009 |
| 007 | cr ||||||||||| |
| 008 | 150406|1997||||xxc|||||o f|0| 0 eng|d |
| 040 | |aCaOODSP|beng |
| 043 | |an-cn--- |
| 086 | 1 |aJ3-7/1997-6E-PDF |
| 110 | 1 |aCanada.|bJustice Canada. |
| 245 | 10|aFirearms recovered by police : |h[electronic resource]|ba multi-site study / |c[by] Daniel Antonowicz Consulting. |
| 260 | |aOttawa - Ontario : |bJustice Canada |c1997. |
| 300 | |a34p.|breferences |
| 490 | 1 |aTechnical report|vTR1997-6e |
| 500 | |aUnedited. "Canadian Firearms Centre" |
| 590 | |a12-40-Supp|b2012-10-23 |
| 775 | 08|tArmes à feu récupérées par la police : |w(CaOODSP)9.604799 |
| 830 | #0|aTechnical report ;|vTR1997-6e|w(CaOODSP)9.505667 |
| 856 | 40|ahttp://publications.gc.ca|qPDF|s83 KB|uhttps://publications.gc.ca/collections/collection_2012/jus/J3-7-1997-6-eng.pdf|yTR1997-6e |